The glorious progress of the Gospel, amongst the Indians in New England. /

Bibliographic Details
Other Authors: Winslow, Edward, 1595-1655, J. D., Mayhew, Thomas, 1621-1657, Eliot, John, 1604-1690
Format: eBook
Language:English
Published: London : Printed for Hannah Allen in Popes-head-Alley, 1649.
Series:Early English books online.
Subjects:
Online Access:Connect to the full text of this electronic book

MARC

Tag First Indicator Second Indicator Subfields
LEADER 00000nam a2200000 4500
001 in00004338043
005 20200812095958.0
006 m g d
007 cr bn |||a|bb|
008 851008s1649 enk o 00| | eng d
035 |a (UnM)99859276 
037 |a CL0051000003  |b ProQuest Information and Learning. 300 N. Zeeb Rd., Ann Arbor, MI 48106 
040 |a Cu-RivES  |c Cu-RivES  |d CStRLIN  |e dcrb  |d WaOLN 
245 0 4 |a The glorious progress of the Gospel, amongst the Indians in New England. /  |c Manifested by three letters, under the hand of that famous instrument of the Lord Mr. John Eliot, and another from Mr. Thomas Mayhew jun: both preachers of the Word, as well to the English as Indians in New England. Wherein the riches of Gods grace in the effectuall calling of many of them is cleared up: as also a manifestation of the hungring desires of many people in sundry parts of that country, after the more full revelation of the Gospel of Jesus Christ, to the exceeding consolation of every Christian reader. Together, with an appendix to the foregoing letters, holding forth conjectures, observations, and applications. By I.D. minister of the Gospell. Published by Edward Winslow. 
260 |a London :  |b Printed for Hannah Allen in Popes-head-Alley,  |c 1649. 
300 |a 1 online resource ([8], 28 pages) 
336 |a text  |b txt  |2 rdacontent 
337 |a computer  |b c  |2 rdamedia 
338 |a online resource  |b cr  |2 rdacarrier 
500 |a The fourth of a series of 11 pamphlets, commonly known as the "Eliot tracts," published in London from 1643 to 1671. 
500 |a Appendix signed at end: J.D. 
500 |a Annotation on Thomason copy: "June 1st". 
500 |a Reproductions of the originals in the British Library and the Yale University Library. 
510 4 |a Wing (2nd edition)  |c W3036. 
510 4 |a Thomason  |c E.557[11]. 
533 |a Electronic reproduction.  |b Ann Arbor, Mich. :  |c UMI,  |d 1999-  |f (Early English books online)  |n Digital version of: (Thomason Tracts ; 86:E557[11])  |7 s1999 miun s 
650 0 |a Indians of North America  |x History  |y Colonial period, ca. 1600-1775  |v Early works to 1800. 
650 0 |a Massachuset Indians  |x Missions  |v Early works to 1800. 
700 1 |a Winslow, Edward,  |d 1595-1655. 
700 0 |a J. D. 
700 1 |a Mayhew, Thomas,  |d 1621-1657. 
700 1 |a Eliot, John,  |d 1604-1690. 
830 0 |a Early English books online. 
856 4 0 |u http://proxy.library.tamu.edu/login?url=https://search.proquest.com/docview/2248514982  |z Connect to the full text of this electronic book  |t 0 
999 f f |s c45f6f7d-a561-3fce-9f7c-c32766fae14b  |i 0580de9a-c161-3253-9799-0ad34b8aa7dd  |t 0 
952 f f |a Texas A&M University  |b College Station  |c Electronic Resources  |d Available Online  |t 0  |h No information provided 
998 f f |t 0  |l Available Online